000 00812nam a2200193Ii 4500
003 JO-AjNU
008 230605s9999||||xx |||||||||||||| ||und||
040 _aJO-AjNU
_bara
_erda
_cJO-AjNU
041 _aara
050 1 4 _aHB61.G4
100 3 _aإعداد نبيه غطاس,
_eauthor
_927533
245 0 0 _aمعجم مصطلحات الاقتصاد والمال وإدارة الأعمال : إنجليزي-عربي
264 3 1 _aبيروت: مكتبة لبنان
300 _a677ص
336 _atext
_btxt
_2rdacontent
337 _aunmediated
_bn
_2rdamedia
338 _avolume
_bnc
_2rdacarrier
650 4 _aالاقتصاد -- معاجم -- الاقتصاد -- مصطلحات -- المالية -- معاجم -- إدارة الأعمال -- مصطلحات -- إدارة الأعمال -- معاجم
_927534
999 _aA10571
_c14139
_d14139